[Event "La Florida CupT 23rd"]
[Site "La Florida"]
[Date "2023.07.15"]
[Round "1.4"]
[White "Echeto Hernandez, Samuel Elias"]
[Black "Machado Espinosa, Samuel Isaac"]
[Result "1-0"]
[WhiteElo "1803"]
[BlackElo "1396"]
[PlyCount "129"]
[EventDate "2023.07.15"]
[EventType "team-swiss"]
[EventRounds "5"]
[EventCountry "VEN"]
[SourceTitle "EXT 2024"]
[Source "ChessBase"]
[SourceDate "2023.10.10"]
[SourceVersion "1"]
[SourceVersionDate "2023.10.10"]
[SourceQuality "1"]
[WhiteTeam "Peon de Oro"]
[BlackTeam "Hibrido Juvenil"]
[WhiteTeamCountry "VEN"]
[BlackTeamCountry "VEN"]

1. e4 c6 2. d4 d5 3. exd5 cxd5 4. Bd3 Nf6 5. h3 e6 6. Nf3 Bd6 7. 0-0 0-0 8. Re1 Nc6 9. c3 Bd7 10. Bg5 h6 11. Bh4 Rc8 12. Ne5 Be7 13. Nd2 a6 14. f4 b5 15. g4 Ne8 16. Bxe7 Qxe7 17. Ndf3 Nxe5 18. Nxe5 Nd6 19. Kh2 Nc4 20. Bxc4 bxc4 21. Qf3 Be8 22. Qg3 f6 23. Nf3 Qd6 24. Re2 g5 25. fxg5 Qxg3+ 26. Kxg3 hxg5 27. Rxe6 Rc6 28. Rae1 Bd7 29. Rxc6 Bxc6 30. Re6 Bb7 31. h4 Kf7 32. Rb6 gxh4+ 33. Nxh4 Bc8 34. Kf4 Re8 35. Nf5 Re4+ 36. Kf3 Bxf5 37. gxf5 Re7 38. Rxa6 Rb7 39. Rd6 Rxb2 40. Rd7+ Ke8 41. Rxd5 Rc2 42. a4 Rxc3+ 43. Ke4 Ra3 44. a5 Ra1 45. Rc5 Ra4 46. Kd5 Kd7 47. Rxc4 Rxa5+ 48. Rc5 Ra6 49. Rb5 Rd6+ 50. Ke4 Ra6 51. Rb7+ Ke8 52. Rh7 Ra5 53. Rg7 Kf8 54. Rc7 Ra6 55. Kd5 Ra5+ 56. Ke6 Ra6+ 57. Kd7 Ra5 58. Rc5 Ra7+ 59. Kd6 Ra6+ 60. Rc6 Ra4 61. d5 Ra5 62. Ke6 Ra7 63. d6 Ra8 64. d7 Rd8 65. Rc8 1-0

[Event "Miranda Waraira CC op"]
[Site "Miranda"]
[Date "2022.08.27"]
[Round "3"]
[White "Echeto Hernandez, Samuel Elias"]
[Black "Perez Ruiz, Jose Alexander"]
[Result "1-0"]
[WhiteElo "1785"]
[BlackElo "1682"]
[PlyCount "87"]
[EventDate "2022.08.26"]
[EventType "swiss"]
[EventRounds "5"]
[EventCountry "VEN"]
[SourceTitle "EXT 2024"]
[Source "ChessBase"]
[SourceDate "2023.10.10"]
[SourceVersion "1"]
[SourceVersionDate "2023.10.10"]
[SourceQuality "1"]

1. d4 d5 2. e3 Nf6 3. Bd3 e6 4. f4 c5 5. c3 Nc6 6. Nf3 Ne4 7. 0-0 f5 8. Bxe4 dxe4 9. Ne5 Nxe5 10. fxe5 h5 11. c4 g5 12. d5 Bg7 13. Nc3 Bxe5 14. Qc2 Qd6 15. g3 Bd7 16. dxe6 Bxe6 17. Rd1 Qe7 18. Nd5 Bxd5 19. Rxd5 h4 20. Qa4+ Kf8 21. g4 fxg4 22. Bd2 Rd8 23. Rxe5 Qxe5 24. Bc3 Rd4 25. exd4 cxd4 26. Qd7 dxc3 27. Rf1+ Qf4 28. Rxf4+ gxf4 29. Qf5+ Kg8 30. Qxg4+ Kh7 31. Qxh4+ Kg8 32. Qg4+ Kh7 33. Qf5+ Kg8 34. bxc3 Rh7 35. Qxe4 Rf7 36. h4 Kg7 37. h5 Rf6 38. Qxb7+ Kh6 39. Qxa7 Kxh5 40. Kf2 Kg5 41. Kf3 Kf5 42. Qd4 Ra6 43. Qxf4+ Ke6 44. Qh6+ 1-0